000 00523nmm a2200169Ia 4500
008 251105s9999||||xx |||||||||||||||||und||
020 _a8488123256
041 _aspa
100 _aGil, Javier Alfonso
245 0 _aCausas del desarrollo económico :
_b España en Europa 1900-2000
264 _a[Madrid, España] :
_bMinerva Ediciones,
_c2001
300 _a176 páginas
490 _aCuadernos de economía
650 _aEconomics and Business
856 _uhttps://public.digitaliapublishing.com/a/5818
942 _cCF
999 _c73868
_d73868